BIBLIOTECA

SENCICO

Topografía : (Registro nro. 494)

Detalles MARC
000 -LEADER
fixed length control field 01259nam a2200289Ia 4500
003 - CONTROL NUMBER IDENTIFIER
control field PE SENCICO BE
005 - DATE AND TIME OF LATEST TRANSACTION
control field 20251020182439.0
008 - FIXED-LENGTH DATA ELEMENTS--GENERAL INFORMATION
fixed length control field 200515s9999 xx 000 0 und d
020 ## - INTERNATIONAL STANDARD BOOK NUMBER
International Standard Book Number 978-84-676-5641-1
040 ## - CATALOGING SOURCE
Original cataloging agency PE SENCICO BE
Transcribing agency PE SENCICO BE
041 ## - LANGUAGE CODE
Language code of text/sound track or separate title spa
082 ## - DEWEY DECIMAL CLASSIFICATION NUMBER
Classification number 526.9
Item number A49
Edition information 2011
100 1# - MAIN ENTRY--PERSONAL NAME
Personal name Ameneiro Bustos, Ana
9 (RLIN) 910
Relator term autor
245 #0 - TITLE STATEMENT
Title Topografía :
Remainder of title trabajo de campo y gabinete /
Statement of responsibility, etc. Ana Ameneiro Bustos, Elisa Cardenas de Llano Sosa, José Manuel Sierra Gallardo
250 ## - EDITION STATEMENT
Edition statement 2a ed.
260 ## - PUBLICATION, DISTRIBUTION, ETC.
Place of publication, distribution, etc. Alcalá de Guadaíra (Sevilla) :
Name of publisher, distributor, etc. Mad ;
Date of publication, distribution, etc. 2011
300 ## - PHYSICAL DESCRIPTION
Extent 267 páginas :
Other physical details ilustraciones, tablas, gráficos ;
Dimensions 25 cm.
505 0# - FORMATTED CONTENTS NOTE
Formatted contents note Introducción al dibujo técnico -- Introducción a la topografía -- Instrumentos de medida en la topografía -- División de la topografía y nociones topográficas -- Nivelación -- Taquimetría -- Curvas de nivel -- Perfiles -- Cubicación -- Cartografía -- Fotogrametría -- GPS y Software
650 14 - SUBJECT ADDED ENTRY--TOPICAL TERM
Topical term or geographic name entry element Topografía
9 (RLIN) 4
650 24 - SUBJECT ADDED ENTRY--TOPICAL TERM
Topical term or geographic name entry element Cartografía
9 (RLIN) 1
650 24 - SUBJECT ADDED ENTRY--TOPICAL TERM
Topical term or geographic name entry element Fotogrametría
9 (RLIN) 120
650 24 - SUBJECT ADDED ENTRY--TOPICAL TERM
Topical term or geographic name entry element GPS
9 (RLIN) 911
650 24 - SUBJECT ADDED ENTRY--TOPICAL TERM
Topical term or geographic name entry element Taquimetría
9 (RLIN) 912
700 1# - ADDED ENTRY--PERSONAL NAME
9 (RLIN) 913
Personal name Cardenas de Llano Sosa, Elisa
Relator term autor
700 1# - ADDED ENTRY--PERSONAL NAME
9 (RLIN) 914
Personal name Sierra Gallardo, José Manuel
Relator term autor
942 ## - ADDED ENTRY ELEMENTS (KOHA)
Koha item type Libros
Source of classification or shelving scheme Dewey Decimal Classification
Existencias
Fecha de la última vez que lo usaron Número de ingreso o de inventario Pago total Signatura topográfica completa Código de barras Precio efectivo desde Tipo de documento Estado perdido Sistema de clasificación Estado dañado No es para préstamo Retirado Ubicación permanente Ubicación actual Fecha de adquisición Número de ejemplar
15/05/2020 15347   526.9/A49/2011 BibLima25070038 15/05/2020 Libros   Dewey Decimal Classification       Biblioteca Central Lima Biblioteca Central Lima 15/05/2020  
13/04/2023 16583   526.9/A49/2011/ej. 2 BibLima25070039 13/04/2023 Libros   Dewey Decimal Classification       Biblioteca Central Lima Biblioteca Central Lima 13/04/2023 2